The Classical world

Detalles Bibliográficos
Título anterior:Classical weekly
Autor Corporativo: Classical Association of the Atlantic States
Formato: Electrónico Revista
Lenguaje:inglés
Publicado: New York, N.Y. : Classical Association of the Atlantic States, 1957-
Materias:
Acceso en línea:Full text available from Research Library: 10/01/2011 to 1 year ago

MARC

LEADER 00000nas a2200000 a 4500
001 ssj0018411
003 WaSeSS
005 20200512172242.0
006 m d
007 cr n
008 050614c19579999pauqr pss o 0 a0eng c
010 |a  2005215837 
016 7 |a 978191455  |2 DE-101 
016 7 |a 2218242-1  |2 DE-600 
022 |a 1558-9234  |l 0009-8418  |y 0009-8418 
035 |a (WaSeSS)ssj0018411 
037 |b Classical Association of the United States, PO Box 268, Swarthmore, PA 19081 
037 |b Project Muse, Johns Hopkins University Press, Baltimore, MD 
040 |a OCLCS  |b eng  |c OCLCS  |d NSD  |d MYG  |d OCL  |d BUF  |d NSD  |d EYM  |d HUL  |d OCLCQ  |d GWDNB  |d OCLCQ  |d GBVCP  |d OCLCQ  |d OCLCO  |d DLC  |d OCLCF  |d OCLCO  |d EUW  |d OCLCO  |d OCLCQ  |d DEBBG  |d EZC  |d OCLCO  |d GILDS  |d OCLCO  |d AU@  |d VT2  |d CEF  |d OCLCQ  |d OCLCO  |d OCLCA  |d SFB  |d WaSeSS 
042 |a pcc  |a nsdp 
050 1 4 |a PA1 
082 1 0 |a 880  |2 14 
130 0 |a Classical world (Online) 
222 4 |a The Classical world  |b (Online) 
245 1 4 |a The Classical world  |h [electronic resource]. 
260 |a New York, N.Y. :  |b Classical Association of the Atlantic States,  |c 1957- 
310 |a Quarterly,  |b fall 2000- 
321 |a Frequency varies,  |b Oct. 1957-July/Aug. 1982 
321 |a Bimonthly,  |b Sept./Oct. 1982-July/Aug. 2000 
362 0 |a Vol. 51, no. 1 (Oct. 1957)- 
500 |a Title from caption (JSTOR, viewed Aug. 15, 2008). 
500 |a Place of publication varies. 
506 |a License restrictions may limit access. 
538 |a Mode of access: World Wide Web. 
588 |a Latest issue consulted: Vol. 100, no. 2 (winter 2007) (Project Muse, viewed Apr. 2, 2007). 
650 0 |a Civilization, Ancient  |v Periodicals. 
650 7 |a Civilization, Ancient.  |2 fast  |0 (OCoLC)fst00862946 
650 7 |a Literatur  |2 gnd 
651 7 |a Latein.  |2 swd  |0 (DE-101)041143647 
651 7 |a Griechisch.  |2 swd  |0 (DE-101)041137914 
655 0 |a Electronic journals. 
710 2 |a Classical Association of the Atlantic States. 
776 0 8 |i Print version:  |t Classical world  |x 0009-8418  |w (DLC)sc 80000962  |w (OCoLC)1554851 
780 0 0 |t Classical weekly  |x 2329-1176  |w (DLC) 2008236257  |w (OCoLC)243886232 
856 4 0 |z Full text available from Research Library: 10/01/2011 to 1 year ago  |u https://search.proquest.com/publication/2026567